[Event "Charlotte Open 2020"]
[Site "Charlotte"]
[Date "2020.01.03"]
[Round "4.4"]
[White "Grabinsky, Aaron"]
[Black "Hilby, Craig"]
[Result "1/2-1/2"]
[WhiteElo "2363"]
[BlackElo "2434"]
[Annotator "NA"]
[PlyCount "47"]
[EventDate "2020.01.02"]
[EventType "swiss"]
[EventCountry "USA"]
[SourceTitle "playchess.com"]
[Source "ChessBase"]
[SourceQuality "1"]
[TimeControl "6000+30"]

1. Nf3 {[%emt 0:04:11]} Nf6 {[%emt 0:00:00]} 2. g3 {[%emt 0:00:04]} b5 {[%emt 0:00:00]} 3. Na3 {[%emt 0:00:04]} a6 {[%emt 0:02:06]} 4. c4 {[%emt 0:00:05]} b4 {[%emt 0:02:02]} 5. Nc2 {[%emt 0:00:06]} a5 {[%emt 0:03:07]} 6. Bg2 {[%emt 0:00:21]} Bb7 {[%emt 0:00:21]} 7. O-O {[%emt 0:00:18]} g6 {[%emt 0:05:29]} 8. b3 {[%emt 0:06:58]} Bg7 {[%emt 0:00:10]} 9. Bb2 {[%emt 0:00:05]} c5 {[%emt 0:03:30]} 10. a3 {[%emt 0:03:24]} Na6 {[%emt 0:02:57]} 11. axb4 {[%emt 0:02:01]} axb4 {[%emt 0:00:20]} 12. d3 {[%emt 0:03:39]} O-O {[%emt 0:01:23]} 13. e4 {[%emt 0:02:07]} d6 {[%emt 0:01:56]} 14. Nd2 {[%emt 0:06:45]} Qb6 {[%emt 0:03:49]} 15. Re1 {[%emt 0:03:24]} Nc7 {[%emt 0:01:28]} 16. Qe2 {[%emt 0:02:44]} Nd7 {[%emt 0:02:04]} 17. Bxg7 {[%emt 0:00:41]} Kxg7 {[%emt 0:00:25]} 18. f4 {[%emt 0:02:02]} Rxa1 {[%emt 0:07:09]} 19. Rxa1 {[%emt 0:00:07]} Ra8 {[%emt 0:00:06]} 20. Rxa8 {[%emt 0:01:04]} Bxa8 {[%emt 0:00:09]} 21. Qe1 {[%emt 0:00:42]} Qa7 {[%emt 0:00:29]} 22. Qb1 {[%emt 0:01:18]} e5 {[%emt 0:04:33]} 23. Qb2 {[%emt 0:01:53]} f6 {[%emt 0:00:48]} 24. Bh3 {[%emt 0:02:00]} 1/2-1/2

[Event "Charlotte Open 2020"]
[Site "Charlotte"]
[Date "2020.01.03"]
[Round "4.5"]
[White "Tsolakidou, Stavroula"]
[Black "Ali Marandi, Cemil Can"]
[Result "0-1"]
[WhiteElo "2403"]
[BlackElo "2537"]
[Annotator "TA"]
[PlyCount "56"]
[EventDate "2020.01.02"]
[EventType "swiss"]
[EventCountry "USA"]
[SourceTitle "playchess.com"]
[Source "ChessBase"]
[SourceQuality "1"]

{[%evp 9,56,22,38,31,29,34,48,35,43,41,41,33,42,30,36,37,41,26,56,50,41,47,93,78,94,90,90,89,90,106,100,84,94,61,90,0,0,-301,-301,-301,-301,-301,-301,-294,-293,-5339,-2877,-2064,-2035]} 1. Nf3 d5 2. g3 g6 3. Bg2 Bg7 4. d4 Nh6 5. O-O O-O 6. Nbd2 {D02: 1 d4 d5 2 Nf3 sidelines, including 2...Nf6 3 g3 and 2...Nf6 3 Bf4} Nf5 7. c3 Nd6 8. Re1 {White is slightly better.} f5 (8... Bf5 9. Nh4 c6 10. Nxf5 gxf5 11. Nb3 Nd7 12. Bf4 Nf6 13. Nc5 b6 {1-0 (40) Pantsulaia,L (2587)-Short,N (2659) Abu Dhabi 2018}) 9. Ne5 e6 10. Ndf3 Ne4 11. h4 Nd7 $146 ({Predecessor:} 11... Bd7 12. Bf4 Be8 13. Qc1 h5 {0-1 (61) Balasubramaniun,R (2328)-Shyam,S (2194) Chennai 2006}) 12. Nxd7 Bxd7 13. Bf4 h6 14. Qc1 $36 {[%mdl 2048] White has some pressure.} Kh7 $1 15. Be5 g5 16. Bxg7 Kxg7 17. hxg5 hxg5 18. Ne5 Be8 19. Bxe4 dxe4 20. f3 f4 21. fxe4 {Threatens to win with Rf1.} Bc6 22. Qc2 (22. Rf1 $16) 22... Qf6 $11 23. Kg2 $2 {[%mdl 8192]} (23. Nxc6 Rh8 $17) (23. Qd3 $11 {and White is okay.}) 23... fxg3 $19 24. Rf1 Qh6 {[%csl Gg3][%cal Rh6h2] [#]} 25. Rh1 Rf2+ ({Don't go for} 25... Qf6 $2 26. Raf1 $18) 26. Kxg3 Qf6 27. Qd2 $2 (27. Nf3 Qxf3+ 28. exf3 Rxc2 29. Rh2 Rxh2 30. Kxh2) 27... Bxe4 {( -> ...Rg2+)} 28. Rag1 {[#]} Rxe2 $1 {[%mdl 512] Accuracy: White = 76%, Black = 75%.} 0-1

[Event "Charlotte Open 2020"]
[Site "Charlotte"]
[Date "2020.01.03"]
[Round "4.6"]
[White "Ynojosa Aponte, Felix Jose"]
[Black "Tang, Andrew"]
[Result "0-1"]
[WhiteElo "2403"]
[BlackElo "2511"]
[Annotator "TA"]
[PlyCount "130"]
[EventDate "2020.01.02"]
[EventType "swiss"]
[EventCountry "USA"]
[SourceTitle "playchess.com"]
[Source "ChessBase"]
[SourceQuality "1"]

{[%evp 9,130,3,30,27,30,24,18,8,12,8,19,-21,0,0,9,10,83,72,76,86,78,69,81,77,81,53,54,0,0,0,0,0,51,53,69,74,127,77,69,70,110,107,96,72,114,45,52,0,0,0,0,0,0,0,0,0,0,0,0,0,0,0,0,0,0,0,0,-482,-475,-429,0,-211,-227,-284,-264,-350,-249,-855,-801,-841,-825,-12829,-12797,-12839,-12839,-12840,-12839,-12837,0,-515,-456,-12833,-2296,-6295,-2424,-12840,-12840,-12841,-12841,-12841,-12842,-12842,-12843,-12843,-12843,-12844,-12844,-12845,-12845,-12845,-12846,-12846,-12847,-12847,-12847,-12850,-12847,-12847,-12847,-12850,-29982,-12851,-27999]} 1. e4 e5 2. Nf3 Nc6 3. Bc4 Nf6 4. d3 h6 5. Nc3 d6 6. a4 {C55: Two Knights: 4 d3, 4 d4 exd4 5 e5 and Max Lange Attack} g5 (6... g6 7. a5 Bg7 8. O-O O-O 9. h3 a6 10. Re1 Re8 11. Nd5 Nxd5 12. Bxd5 Be6 13. c4 Bxd5 14. cxd5 {0-1 (40) Jobava,B (2707)-Ivanchuk,V (2738) Leuven 2017}) 7. a5 $146 ({Predecessor:} 7. Ne2 g4 8. Nd2 d5 9. exd5 Nxd5 10. Ne4 Be7 11. O-O f5 12. N4c3 Be6 {1-0 (33) Movsesian,S (2627)-Lomasov,S (2559) Skopje 2019}) 7... a6 8. Nd5 {The position is equal.} Nxd5 9. Bxd5 Qf6 10. h4 {[%cal Rh4g5]} Bg4 11. c3 gxh4 12. Qb3 Nd8 (12... O-O-O $11 {remains equal.}) 13. Nxh4 $16 (13. Bxb7 $2 Rb8 $19) 13... h5 14. g3 (14. Bxb7 Rb8 $17) 14... Rg8 15. Be3 Bh6 16. Bxh6 Qxh6 17. Nf5 Qf6 18. Bxb7 (18. d4 $14) 18... Nxb7 $11 (18... Rb8 $5 19. Qa4+ $8 Kf8 20. Bxa6 Rxb2 $16) 19. Qxb7 {[%mdl 64] Double Attack} Kd7 {Threatening ...Rab8.} 20. b4 Rgb8 (20... Bxf5 $11 21. exf5 Qxf5) 21. Qd5 $14 c6 22. Qa2 d5 ({Black should try} 22... Bxf5 23. exf5 Qxf5) 23. Qd2 Bxf5 24. exf5 Qxf5 25. Qe2 Rh8 26. Rh4 Rab8 27. O-O-O (27. Qe3 $16) 27... c5 28. Qa2 (28. Rdh1 $1 $14) 28... Qf3 29. bxc5 {Threatens to win with Re4!} Rb5 30. Rb4 {Rxb5 is the strong threat.} Rxc5 31. Qa4+ Ke7 32. Rb7+ Kf6 $1 33. Qd7 $1 {[%cal Rd7f7]} (33. Qb4 Rhc8 $17) 33... Kg7 34. Qe7 Rxc3+ {[%mdl 64] Double Attack} 35. Kb2 Rhc8 36. Qxe5+ {[#]} Kg6 $1 {[%mdl 512]} 37. Rd2 R3c6 ({Not} 37... Rxd3 $2 38. Rxd3 (38. Rb6+ f6 $11) 38... Qxf2+ 39. Ka3 $18) 38. Rb4 $2 {[%mdl 8192]} (38. Rb6 $11) 38... Qh1 $1 $19 {[%cal Rh1c1]} 39. Ka2 Re6 $2 (39... f6 $19 40. Qd4 Rc5) 40. Qd4 $2 (40. Rb6 $11 {and White is okay.} Rxb6 41. axb6) 40... Qc1 41. Rdb2 Rc5 42. Ra4 Re1 $40 {[%mdl 128] Black wants a kill.} 43. f4 $2 (43. Qh8 Rc8 44. Qd4 (44. Rb6+ $2 Re6 $19)) 43... Rc2 44. f5+ Kh7 45. Kb3 Ree2 {[%cal Rc2b2]} 46. Raa2 Rxb2+ 47. Rxb2 {[%mdl 4096] Endgame KQR-KQR} Qd1+ 48. Ka2 {[#]} Re7 $2 ({Better is} 48... Re4 $1 $19 {[%cal Re4d4][%mdl 512]} 49. Qxe4 (49. dxe4 Qxd4) 49... dxe4 50. dxe4 Qa4+ {[%mdl 64] Double Attack} 51. Kb1 Qxe4+ {[%mdl 64] Double Attack} 52. Ka2 Qxf5) 49. Qb4 $2 {[%mdl 8192]} (49. Rb8 $11 {and White stays safe.} Re2+ 50. Ka3 Qc1+ 51. Rb2) 49... Re1 50. Qd4 {[#]} (50. Qf4 $142 Qxd3 51. Qc7 Qxf5 52. Qc3) 50... Qa1+ (50... Re4 $142 $1 {[%mdl 512]} 51. Qxe4 (51. dxe4 Qxd4) 51... dxe4 52. dxe4 Qa4+ {[%mdl 64] Double Attack} 53. Kb1 Qxe4+ {[%mdl 64] Double Attack} 54. Ka2 Qxf5) 51. Kb3 Rb1 52. Qf6 Rxb2+ 53. Qxb2 Qxb2+ 54. Kxb2 {KP-KP} Kh6 55. Kc3 Kg5 56. Kd4 {[#]} Kg4 $1 {[%cal Rg4g3]} 57. Kxd5 Kxg3 {K3P-K3P} 58. Kd6 h4 59. f6 h3 60. Ke7 h2 61. Kxf7 h1=Q 62. Kg7 Qd5 {( -> ...Qg5+)} 63. f7 Qg5+ 64. Kf8 Qxa5 65. d4 Qd8+ {[%mdl 64] Double Attack. Accuracy: White = 50%, Black = 67%.} 0-1

[Event "Charlotte Open 2020"]
[Site "Charlotte"]
[Date "2020.01.03"]
[Round "4.7"]
[White "Iotov, Valentin"]
[Black "Wheeler, Cameron"]
[Result "1/2-1/2"]
[WhiteElo "2516"]
[BlackElo "2383"]
[Annotator "ChessBase"]
[PlyCount "75"]
[EventDate "2020.01.02"]
[EventType "swiss"]
[EventCountry "USA"]
[SourceTitle "playchess.com"]
[Source "ChessBase"]
[SourceQuality "1"]
[TimeControl "6000+30"]

1. c4 {[%emt 0:02:24]} e5 {[%emt 0:01:19]} 2. Nc3 {[%emt 0:00:08]} Nc6 {[%emt 0:00:12]} 3. g3 {[%emt 0:00:24]} g6 {[%emt 0:00:31]} 4. Bg2 {[%emt 0:00:04]} Bg7 {[%emt 0:00:06]} 5. e4 {[%emt 0:00:10]} d6 {[%emt 0:00:42]} 6. Nge2 {[%emt 0:00:07]} f5 {[%emt 0:00:21]} 7. d3 {[%emt 0:00:17]} Nf6 {[%emt 0:00:15]} 8. O-O {[%emt 0:00:13]} O-O {[%emt 0:00:32]} 9. Nd5 {[%emt 0:00:15]} Nxd5 {[%emt 0:01:07]} 10. cxd5 {[%emt 0:00:03]} Ne7 {[%emt 0:00:06]} 11. Bg5 {[%emt 0:00:05]} h6 {[%emt 0:03:25]} 12. Be3 {[%emt 0:00:03]} c6 {[%emt 0:03:58]} 13. dxc6 {[%emt 0:00:26]} bxc6 {[%emt 0:00:06]} 14. Rc1 {[%emt 0:00:12]} Rb8 {[%emt 0:10:21]} 15. b3 {[%emt 0:08:06]} Kh7 {[%emt 0:16:23]} 16. Qd2 {[%emt 0:07:06]} c5 {[%emt 0:01:27]} 17. f4 {[%emt 0:03:43]} exf4 {[%emt 0:01:28]} 18. Nxf4 {[%emt 0:00:19]} fxe4 {[%emt 0:04:49]} 19. dxe4 {[%emt 0:06:34]} Rb6 {[%emt 0:15:17]} 20. Rfd1 {[%emt 0:14:44]} Bg4 {[%emt 0:02:13]} 21. Bxc5 {[%emt 0:00:57]} Bxd1 {[%emt 0:01:55]} 22. Rxd1 {[%emt 0:01:13]} dxc5 {[%emt 0:09:25]} 23. Qxd8 {[%emt 0:00:02]} Rxd8 {[%emt 0:00:07]} 24. Rxd8 {[%emt 0:00:03]} Nc6 {[%emt 0:00:13]} 25. Rd7 {[%emt 0:01:30]} Ne5 {[%emt 0:00:06]} 26. Rxa7 {[%emt 0:00:25]} c4 {[%emt 0:00:06]} 27. Nd5 {[%emt 0:01:09]} cxb3 {[%emt 0:00:10]} 28. axb3 {[%emt 0:00:10]} Rxb3 {[%emt 0:00:07]} 29. Nf6+ {[%emt 0:30:24]} Kh8 {[%emt 0:00:03]} 30. Ra8+ {[%emt 0:00:48]} Bf8 {[%emt 0:00:06]} 31. Rxf8+ {[%emt 0:17:24]} Kg7 {[%emt 0:00:35]} 32. Nh7 {[%emt 0:00:11]} Rb1+ {[%emt 0:04:30]} 33. Rf1 {[%emt 0:05:47]} Rxf1+ {[%emt 0:00:06]} 34. Bxf1 {[%emt 0:00:16]} Kxh7 {[%emt 0:00:12]} 35. Kf2 {[%emt 0:00:24]} Kg7 {[%emt 0:00:13]} 36. Ke3 {[%emt 0:00:40]} Kf6 {[%emt 0:00:40]} 37. Kd4 {[%emt 0:01:07]} Ke6 {[%emt 0:00:15]} 38. Be2 {[%emt 0:03:16]} 1/2-1/2

[Event "Charlotte Open 2020"]
[Site "Charlotte"]
[Date "2020.01.03"]
[Round "4.8"]
[White "Ringoir, Tanguy"]
[Black "Sarkar, Justin"]
[Result "1-0"]
[WhiteElo "2501"]
[BlackElo "2385"]
[Annotator "TA"]
[PlyCount "61"]
[EventDate "2020.01.02"]
[EventType "swiss"]
[EventCountry "USA"]
[SourceTitle "playchess.com"]
[Source "ChessBase"]
[SourceQuality "1"]

{[%evp 15,61,33,26,27,34,33,18,18,38,36,32,7,52,46,70,52,53,39,56,47,68,56,93,91,110,82,81,62,137,139,210,177,253,279,276,315,295,321,302,302,308,308,279,247,575,571,523,408]} 1. d4 d5 2. Nf3 Nf6 3. e3 e6 4. c4 dxc4 5. Bxc4 a6 6. O-O b5 7. Bd3 Bb7 8. a4 b4 9. Nbd2 {D26: Queen's Gambit Accepted: 4 e3 e6 5 Bxc5 c5 sidelines} c5 10. Nc4 (10. Qe2 Nc6 11. dxc5 Bxc5 12. Rd1 O-O 13. Nb3 Bd6 14. e4 Qc7 15. Bg5 Ng4 16. h3 Nge5 {1-0 (28) Ragger,M (2698)-Guliyev,N (2579) Berlin 2015}) 10... Nbd7 11. Qe2 {The position is equal.} Be7 12. Rd1 cxd4 13. exd4 O-O 14. a5 {[#]} Bxf3 $146 ({Predecessor:} 14... h6 15. Bf4 Nd5 16. Bg3 N7f6 17. Nfd2 Ra7 {1-0 (58) Hernandez Carmenates,H (2524)-Tazbir,M (2516) Las Vegas 2015}) 15. Qxf3 Nd5 16. g3 Qc7 17. h4 Rad8 18. Bg5 Bxg5 19. hxg5 $40 {[%mdl 128] White wants a kill.} g6 20. Rac1 Nb8 21. Ne5 Qe7 (21... Qxa5 $14 22. Be4 f6) 22. Qg4 $16 Rc8 (22... Qd6 $16 23. Qh4 Nd7) 23. Be4 {[#] Threatens to win with Rxc8.} Rxc1 (23... f5 {keeps fighting.} 24. gxf6 Nxf6) 24. Rxc1 $18 Nd7 25. Nc6 Qd6 {With the idea ...f5.} 26. Bxd5 exd5 27. Qf4 Qe6 28. Nxb4 f6 29. Qf3 Qe4 $2 {[#]} (29... fxg5 {is a better chance.} 30. Qxd5 Qxd5 31. Nxd5 Nb8) 30. Qxe4 dxe4 31. Rc7 {Accuracy: White = 76%, Black = 51%.} 1-0

[Event "Charlotte Open 2020"]
[Site "Charlotte"]
[Date "2020.01.03"]
[Round "4.9"]
[White "Wang, Tianqi"]
[Black "Karthik Venkataraman"]
[Result "1/2-1/2"]
[WhiteElo "2314"]
[BlackElo "2470"]
[Annotator "TA"]
[PlyCount "175"]
[EventDate "2020.01.02"]
[EventType "swiss"]
[EventCountry "USA"]
[SourceTitle "playchess.com"]
[Source "ChessBase"]
[SourceQuality "1"]

{[%evp 10,175,3,0,12,0,16,4,8,0,6,0,0,-1,12,0,0,-6,0,-33,-14,-27,-21,-25,-9,-13,0,-18,-11,-11,0,-20,0,-10,-9,-17,0,-10,0,-25,0,-10,0,-6,-8,-1,-8,-10,-7,-15,0,0,5,0,0,0,41,10,10,-138,-139,-135,-133,-140,-139,-141,-136,-135,-131,-132,-127,-187,-181,-184,-195,-195,-177,-195,-193,-191,-188,-217,-193,-176,-100,-100,-86,-85,-89,-118,-125,-122,-84,-130,-130,-125,0,-47,-48,-169,-175,-152,-118,-245,-237,-214,-216,-195,-66,-103,-60,-131,-114,-121,-98,-121,-109,-113,-117,-165,-165,-145,-145,-253,-237,-256,-199,-183,-147,-104,0,0,0,0,0,-123,-106,-129,-120,-404,-397,-393,-391,-383,-364,-347,-342,-514,-464,-409,-201,-339,-331,-324,-297,-288,-43,-33,0,0,0,0,0,0,0,0,135,-2031]} 1. Nf3 Nf6 2. c4 b6 3. b3 Bb7 4. e3 e6 5. Bb2 c5 6. Be2 Be7 {A30: Symmetrical English: Double Fianchetto and Hedgehog} 7. d3 (7. d4 cxd4 8. Nxd4 O-O 9. O-O d6 10. Bf3 Qc8 11. Nc3 Nbd7 12. Qe2 a6 13. Rad1 Rd8 14. Bxb7 Qxb7 15. e4 Rac8 16. f4 Nc5 17. Rfe1 {½-½ (52) Grischuk,A (2772)-Yu,Y (2751) Huaian 2017}) 7... d6 8. Nbd2 Nbd7 {The position is equal.} 9. a3 $146 ({Predecessor:} 9. Nf1 d5 10. Ng3 Qc7 11. Rc1 dxc4 12. bxc4 {1-0 (43) Abatzidis,S (2011)-Sarmadi,A (1987) Lefkosia 2010}) 9... a6 10. O-O O-O 11. Rc1 Ra7 12. Rc2 Qa8 13. Qb1 Rb8 14. Rd1 Bc6 15. Qa1 b5 16. Rb1 h6 17. Rcc1 Bf8 18. Bf1 Rc8 19. h3 Rb7 20. Qa2 Qb8 21. Ba1 Be7 22. Re1 Rd8 23. Rbc1 Rc8 24. Red1 Bd8 25. Bc3 Nb6 26. Re1 bxc4 27. bxc4 Na4 28. Ba1 Ba5 29. Qc2 Nd7 30. Be2 Qa8 31. Red1 Rcb8 32. Rb1 $1 Nab6 {[%cal Ba4b6,Bb6c8,Bc8e7,Be7c6][%mdl 32]} 33. Nb3 Ba4 34. Rf1 (34. Qb2 $11 f6 35. Nxa5 Nxc4 36. Qxb7 Rxb7 37. Nxb7 Bxd1 38. Rxd1 (38. Bxd1 Nxa3 39. Rb3 Nb5 $11)) 34... Nc8 $1 $17 {[%cal Ra4b3]} 35. Qb2 {[%csl Ga1][%cal Rb2g7]} e5 {[%cal Rb7b3]} 36. Nxa5 Rxb2 37. Rxb2 Rxb2 38. Bxb2 Ne7 39. Bc3 Nc6 40. Rb1 (40. Nxc6 $17 Bxc6 41. Rb1) 40... Nxa5 $19 41. Bxa5 e4 42. dxe4 Bc2 ({Don't play} 42... Qxe4 43. Rb2 $17) 43. Rb2 Bxe4 ({Much less strong is} 43... Qxe4 44. Ne1 $15) 44. Bc3 Qc6 45. Bd1 f6 46. Nd2 Bf5 (46... Bxg2 $19 47. Bg4 Ne5 48. Rb8+ Kf7 49. Bxe5 dxe5) 47. a4 $17 Be6 48. a5 d5 49. cxd5 Bxd5 50. Bg4 Be6 51. Bf3 {[#]} Qa4 $1 52. Be2 Qc6 (52... c4 $17 53. Rb4 Qc2 54. Bxc4 Qxc3 55. Bxe6+ Kf8) 53. Bf3 $15 Qd6 54. Ne4 (54. Be2 $1 $15) 54... Qd3 $19 {Threatens to win with ...f5.} 55. Rd2 Qc4 {White must now prevent ...f5.} 56. Bb2 (56. Rd6 $17 {was the only defense.}) 56... Qb4 57. Bc3 Qa3 58. Rd6 {[#]} f5 (58... Kf7 $1 $19 59. g4 (59. Rxa6 $2 Ke7 $19) 59... Ke7) 59. Ng3 $1 $15 Nf8 60. Be1 (60. Be5 $15) 60... Qc1 $36 {[%mdl 2048] Black is really pushing.} 61. Rd1 Qc2 62. Rd2 Qb1 63. Rd1 Qb8 64. Ne2 Ng6 65. Bh5 Ne5 66. Nf4 (66. Nc3 $17) 66... Bf7 $19 67. Be2 c4 {Strongly threatening ...Qb2.} 68. Bc3 Nc6 69. Rd7 {White wants to play Bh5.} Qe8 (69... Qc8 $17 70. Rd2 Na7) 70. Rc7 $11 Ne5 71. Rc5 Nd7 72. Rc7 (72. Rc6 $1 $11 {was the only way to keep the balance.}) 72... g5 $17 73. Nh5 Bxh5 74. Bxh5 $4 {[%mdl 8192]} (74. Bxc4+ $17 Bf7 75. Bxa6) 74... Qxh5 $19 75. Rxd7 $17 {[%mdl 4096] Endgame KQ-KRB} Qe2 76. Rd4 Qa2 77. Rd8+ Kf7 78. Rd6 (78. Rc8 {is the only way for White.}) 78... Qb3 79. Bd4 Qb1+ 80. Kh2 Qb8 81. Be5 {[#] aiming for Rd7+.} Qb5 $1 82. Bc3 h5 $2 ({Black should play} 82... Qb3 $19 83. Be5 c3 84. Rxa6 c2) 83. Rb6 $15 Qd5 84. Rxa6 Qd3 85. Bd4 c3 $1 86. Rc6 {a6 is the strong threat.} c2 {Hoping for ...Qd1.} 87. a6 Qxa6 (87... c1=Q $11 {keeps the balance.} 88. Rxc1 Qxa6) 88. Rb6 $2 {[%mdl 40960] Accuracy: White = 41%, Black = 53%. . An unexpected result.} (88. Rxa6 $16 c1=Q 89. Rf6+ {[%mdl 64] Double Attack} Ke8 90. Rxf5) 1/2-1/2

[Event "Charlotte Open 2020"]
[Site "Charlotte"]
[Date "2020.01.03"]
[Round "4.10"]
[White "Brodsky, David"]
[Black "Vigorito, David"]
[Result "1-0"]
[WhiteElo "2466"]
[BlackElo "2368"]
[Annotator "RC"]
[PlyCount "45"]
[EventDate "2020.01.02"]
[EventType "swiss"]
[EventCountry "USA"]
[SourceTitle "playchess.com"]
[Source "ChessBase"]
[SourceQuality "1"]
[TimeControl "6000+30"]

1. e4 {[%emt 0:00:00]} c5 {[%emt 0:00:12]} 2. Nf3 {[%emt 0:00:00]} d6 {[%emt 0:00:13]} 3. d4 {[%emt 0:00:00]} cxd4 {[%emt 0:00:07]} 4. Nxd4 {[%emt 0:00:00]} Nf6 {[%emt 0:00:25]} 5. Nc3 {[%emt 0:00:00]} Nc6 {[%emt 0:00:13]} 6. Bg5 {[%emt 0:00:32]} e6 {[%emt 0:00:22]} 7. Qd2 {[%emt 0:00:13]} a6 {[%emt 0:00:41]} 8. O-O-O {[%emt 0:00:47]} Bd7 {[%emt 0:00:39]} 9. f3 {[%emt 0:01:27]} Be7 {[%emt 0:01:07]} 10. h4 {[%emt 0:04:16]} h6 {[%emt 0:00:46]} 11. Be3 {[%emt 0:00:56]} h5 {[%emt 0:00:26]} 12. Bg5 {[%emt 0:03:02]} Qc7 {[%emt 0:02:00]} 13. Kb1 {[%emt 0:03:02]} Ne5 {[%emt 0:06:16]} 14. f4 {[%emt 0:34:14]} Neg4 {[%emt 0:01:33]} 15. Bd3 {[%emt 0:00:44]} Qb6 {[%emt 0:20:01]} 16. Bc4 {[%emt 0:04:25]} Rc8 {[%emt 0:01:54]} 17. Bb3 {[%emt 0:02:31]} Rxc3 {[%emt 0:02:01]} 18. Qxc3 {[%emt 0:04:35]} Nxe4 {[%emt 0:00:32]} 19. Qe1 {[%emt 0:10:25]} Nxg5 {[%emt 0:23:37]} 20. hxg5 {[%emt 0:03:08]} g6 {[%emt 0:02:51]} 21. Qe2 {[%emt 0:05:50]} d5 {[%emt 0:10:26]} 22. c3 {[%emt 0:11:36]} Kf8 {[%emt 0:08:35]} 23. Qxg4 {[%emt 0:00:48]} 1-0

[Event "Charlotte Open 2020"]
[Site "Charlotte"]
[Date "2020.01.03"]
[Round "4.11"]
[White "Petesch, Gabriel"]
[Black "Yoo, Christopher Woojin"]
[Result "0-1"]
[WhiteElo "2302"]
[BlackElo "2456"]
[Annotator "TA"]
[PlyCount "48"]
[EventDate "2020.01.02"]
[EventType "swiss"]
[EventCountry "USA"]
[SourceTitle "playchess.com"]
[Source "ChessBase"]
[SourceQuality "1"]

{[%evp 14,53,14,34,32,22,45,33,49,9,12,19,40,20,13,-15,-23,-32,-26,-90,-36,-43,-43,-37,-18,-70,-76,-118,-113,-108,-16,-93,-39,-376,-343,-355,-354,-510,-516,-685,-674,-3718]} 1. d4 Nf6 2. Nf3 g6 3. c4 Bg7 4. g3 O-O 5. Bg2 c6 6. O-O d5 7. Qb3 dxc4 8. Qxc4 a5 {D78: Fianchetto Grünfeld: 6 0-0 c6} (8... b5 9. Qb3 Be6 10. Qd1 Nbd7 11. Ng5 Bd5 12. e4 Bc4 13. Re1 e5 14. b3 Be6 15. Bb2 Bg4 16. f3 {½-½ (36) Mamedyarov,S (2772)-Svidler,P (2723) Moscow 2019}) 9. Bf4 Na6 {[%cal Bb8a6,Ba6b4,Bb4d5][%mdl 32]} 10. Qc1 Re8 $146 {White is slightly better.} ({Predecessor:} 10... Bf5 11. Bh6 Qb6 12. Bxg7 Kxg7 13. Nc3 Rfd8 14. Rd1 Nb4 15. Nh4 Be6 16. e3 {1-0 (53) Spirin,O (2491)-Dragojlovic,A (2380) Erice 2011}) 11. Na3 Bf5 12. Bh6 Bh8 13. Nc4 Nb4 14. Qd2 Ne4 $36 {[%mdl 2048] White is under pressure.} 15. Qd1 Nd6 16. Nce5 (16. Nxd6 $11 {keeps the balance.} exd6 17. a3) 16... Be4 (16... f6 $17 17. Qb3+ Nd5) 17. a3 $15 Nd5 18. Qd2 Qb6 19. Rac1 (19. Bh3 $11) 19... Nf5 20. Be3 Rad8 21. Rfd1 c5 (21... Ndxe3 $17 22. fxe3 Bd5) 22. Rxc5 (22. Nxf7 $11 {remains equal.} Bxf3 23. dxc5) 22... Qb3 (22... Ndxe3 $17 23. fxe3 Qxc5 24. dxc5 Rxd2 25. Rxd2 Nxe3) 23. Nd3 $2 {[%mdl 8192]} (23. Bg5 $15) 23... Ndxe3 24. fxe3 {[#]} Bxf3 {Played: Nf5xe3} 0-1

[Event "Charlotte Open 2020"]
[Site "Charlotte"]
[Date "2020.01.03"]
[Round "4.12"]
[White "Zapata, Alonso"]
[Black "Talukdar, Rohan"]
[Result "1-0"]
[WhiteElo "2434"]
[BlackElo "2343"]
[Annotator "TA"]
[PlyCount "83"]
[EventDate "2020.01.02"]
[EventType "swiss"]
[EventCountry "USA"]
[SourceTitle "playchess.com"]
[Source "ChessBase"]
[SourceQuality "1"]

{[%evp 16,83,14,23,15,5,17,0,0,0,4,0,0,5,30,13,24,28,23,16,45,23,24,26,26,15,52,0,0,0,0,0,19,18,31,19,47,34,60,45,51,0,55,52,62,87,62,60,76,75,255,224,253,228,246,193,687,664,1027,1045,2122,2091,1845,1135,1433,1344,29986,29982,29980,29979]} 1. e4 c5 2. Nf3 d6 3. d4 cxd4 4. Nxd4 Nf6 5. Nc3 a6 6. g3 e5 7. Nb3 Be7 8. Bg2 O-O 9. O-O Bg4 {B91: Sicilian Najdorf: 6 g3} 10. Qd3 Nc6 (10... Nbd7 11. h3 Be6 12. Nd5 Bxd5 13. exd5 Rc8 14. Be3 e4 15. Qe2 Qc7 16. Rac1 Nxd5 17. Bxe4 Nxe3 18. Qxe3 {½-½ (41) Firouzja,A (2657)-Idani,P (2604) Sharjah 2019}) 11. h3 $146 ({Predecessor:} 11. Bg5 Rc8 12. Bxf6 Bxf6 13. Nd5 Bg5 14. c3 g6 15. Nd2 Ne7 16. h4 Nxd5 17. hxg5 {1-0 (30) Rodin,D (2413)-Pavlov,A (2319) Voronezh 2001}) 11... Nb4 {The position is equal.} 12. Qd2 $1 Be6 13. a3 Nc6 14. Nd5 Bxd5 15. exd5 Nb8 16. Qe2 Nbd7 17. Be3 Qc7 18. c4 a5 19. a4 b6 20. Ra3 h6 21. f4 (21. h4 $14) 21... Rac8 $11 22. Rc1 exf4 23. gxf4 Rfe8 24. Nd4 Nc5 25. Kh2 Qd7 26. Nc6 Bf8 27. Bf3 g6 28. Rg1 (28. Rf1 $14) 28... Bg7 (28... h5 $11) 29. Qc2 $14 {And now f5! would win.} Kf8 30. Bd4 Nce4 31. Bxb6 Qf5 {[#]} 32. Be3 $1 g5 $2 (32... Rc7 $16 {was necessary.}) 33. Qg2 $18 (33. Nxa5 $2 {[#]} Nxd5 $1 {[%mdl 512]} 34. Bc1 Nxf4 $17) 33... Qg6 34. fxg5 hxg5 35. Bxg5 Rxc6 $2 (35... Qxg5 36. Qxg5 Nxg5) 36. dxc6 Ng4+ 37. Qxg4 {Threatens to win with Bxe4.} Nf2 38. Be7+ Rxe7 39. Qxg6 fxg6 40. Rxg6 Bxb2 41. Rb3 Be5+ 42. Kg2 {Accuracy: White = 71%, Black = 38%.} 1-0